[Event "Coupe de la Parite"]
[Site "Saint Quentin"]
[Date "2019.06.30"]
[Round "5.4"]
[White "Berezovska, Svetlana"]
[Black "Chachiachvili, Mariam"]
[Result "1-0"]
[WhiteElo "1810"]
[BlackElo "1931"]
[PlyCount "49"]
[EventDate "2019.06.??"]
[EventType "team-match"]
[EventRounds "5"]
[EventCountry "FRA"]
[SourceTitle "EXT 2020"]
[Source "ChessBase"]
[SourceDate "2019.10.17"]
[SourceVersion "1"]
[SourceVersionDate "2019.10.17"]
[SourceQuality "1"]

1. e4 e5 2. Nf3 Nc6 3. Bc4 Bc5 4. d3 d6 5. Ng5 Nh6 6. h3 Na5 7. Bb3 Nxb3 8. axb3 Ng8 9. 0-0 Nf6 10. Nc3 h6 11. Nf3 a6 12. Be3 Ba7 13. d4 exd4 14. Nxd4 0-0 15. Qd3 Nd7 16. f4 Re8 17. b4 Nf6 18. Bf2 Nh7 19. Kh1 Nf8 20. Rae1 Ne6 21. Nxe6 Bxe6 22. Bxa7 Rxa7 23. f5 Bd7 24. f6 g6 25. Qe3 1-0

[Event "FRA-ch U18 "]
[Site "Agen"]
[Date "2018.04.17"]
[Round "4"]
[White "Chachiachvili, Mariam"]
[Black "Joly, Audrey"]
[Result "1/2-1/2"]
[WhiteElo "1752"]
[BlackElo "1686"]
[PlyCount "92"]
[EventDate "2018.04.15"]
[EventType "swiss"]
[EventRounds "9"]
[EventCountry "FRA"]
[SourceTitle "EXT 2019"]
[Source "ChessBase"]
[SourceDate "2018.10.10"]
[SourceVersion "1"]
[SourceVersionDate "2018.10.10"]
[SourceQuality "1"]

1. e4 d5 2. exd5 Qxd5 3. Nc3 Qa5 4. d4 c6 5. Bc4 Bf5 6. Nge2 Nf6 7. Ng3 Bg6 8. 0-0 e6 9. f4 Be7 10. f5 exf5 11. Re1 Qd8 12. Nce2 0-0 13. Nf4 Bd6 14. c3 Bxf4 15. Bxf4 Re8 16. Qb3 Qd7 17. Rxe8+ Nxe8 18. Re1 b5 19. Bd3 Na6 20. Qa3 Nac7 21. Re7 Qc8 22. Bxc7 Nxc7 23. Qa5 Nd5 24. Rxa7 Rxa7 25. Qxa7 f4 26. Bxg6 hxg6 27. Ne2 Qe8 28. Kf2 Qe3+ 29. Ke1 f3 30. gxf3 Qe6 31. Qb8+ Kh7 32. Qe5 Qh3 33. Qg3 Qe6 34. Qe5 Qh3 35. Kf2 Qh4+ 36. Qg3 Qe7 37. Qh3+ Kg8 38. Qc8+ Kh7 39. Qxc6 Qh4+ 40. Ng3 Qxh2+ 41. Kf1 Ne3+ 42. Ke1 Nc2+ 43. Kd1 Ne3+ 44. Ke1 Nc2+ 45. Kd1 Ne3+ 46. Ke1 Nc2+ 1/2-1/2

[Event "FRA-ch U18 Girls"]
[Site "Belfort"]
[Date "2017.04.16"]
[Round "3.3"]
[White "Chachiachvili, Mariam"]
[Black "Bruneau, Maylis"]
[Result "1/2-1/2"]
[WhiteElo "1694"]
[BlackElo "1794"]
[PlyCount "87"]
[EventDate "2017.04.16"]
[EventType "swiss"]
[EventRounds "9"]
[EventCountry "FRA"]
[SourceTitle "EXT 2019"]
[Source "ChessBase"]
[SourceDate "2018.10.10"]
[SourceVersion "1"]
[SourceVersionDate "2018.10.10"]
[SourceQuality "1"]

1. e4 c5 2. Nf3 Nc6 3. Nc3 g6 4. Bc4 Bg7 5. d3 Nf6 6. Bg5 0-0 7. Qd2 a6 8. a3 b5 9. Ba2 d6 10. Bh6 Rb8 11. Bxg7 Kxg7 12. Nd5 e6 13. Nxf6 Qxf6 14. c3 a5 15. Qg5 Qxg5 16. Nxg5 b4 17. axb4 axb4 18. 0-0 h6 19. Nf3 Bd7 20. Bc4 bxc3 21. bxc3 Rb2 22. Rfb1 Rfb8 23. Rxb2 Rxb2 24. h3 Rc2 25. Ra3 g5 26. Kf1 Kg6 27. Bb5 h5 28. c4 g4 29. hxg4 hxg4 30. Ne1 Rd2 31. Bxc6 Bxc6 32. Ra6 Bb7 33. Rxd6 Bxe4 34. Rd8 Bf5 35. Rc8 Bxd3+ 36. Nxd3 Rxd3 37. Rxc5 Rc3 38. Rc8 f5 39. Ke2 Rc2+ 40. Ke3 Kf6 41. g3 Ke5 42. Rc6 Kf6 43. Rc7 Ke5 44. Rc6 1/2-1/2

[Event "FRA-ch U12 Girls"]
[Site "Montlucon"]
[Date "2011.04.17"]
[Round "1"]
[White "Schuller, Marine"]
[Black "Chachiachvili, Mariam"]
[Result "1/2-1/2"]
[WhiteElo "1617"]
[BlackElo "1330"]
[PlyCount "103"]
[EventDate "2011.04.17"]
[EventType "swiss"]
[EventRounds "9"]
[EventCountry "FRA"]
[SourceTitle "CBM 142 Extra"]
[Source "ChessBase"]
[SourceDate "2011.06.27"]
[SourceVersion "1"]
[SourceVersionDate "2011.06.27"]
[SourceQuality "1"]

1. e4 e5 2. Nf3 Nc6 3. Bc4 Bc5 4. 0-0 Nf6 5. d3 h6 6. h3 d5 7. exd5 Nxd5 8. Re1 Qd6 9. Bxd5 Qxd5 10. Nc3 Qd6 11. Nb5 Qe7 12. Nxe5 Nxe5 13. d4 Qd7 14. Rxe5+ Be7 15. Qg4 Qxg4 16. hxg4 Rb8 17. Nxc7+ Kd7 18. Nb5 Bf6 19. Rf5 a6 20. Nd6 Kxd6 21. Bf4+ Ke7 22. Rxf6 Kxf6 23. Bxb8 Bxg4 24. Be5+ Kg6 25. f3 Bf5 26. c3 f6 27. Bf4 Re8 28. Kf2 Kf7 29. Bd6 Re6 30. Bg3 Bd3 31. Re1 Rb6 32. b3 Rc6 33. c4 b5 34. d5 Rc8 35. Rc1 bxc4 36. bxc4 Rxc4 37. Rxc4 Bxc4 38. a4 Bxd5 39. Bc7 a5 40. Bxa5 Bb3 41. Ke3 Bxa4 42. g4 g6 43. Bd2 h5 44. gxh5 gxh5 45. Kf4 Kg6 46. Kg3 Bd1 47. Be1 Kg5 48. Bd2+ Kg6 49. f4 Bc2 50. Kh4 Bd1 51. Be3 Kf5 52. Bd2 1/2-1/2